000 00620nam a2200181 i 4500
001 43419
003 ES-MaACL
005 20230906160804.0
007 t|
008 030317s1966 sp ||||1| spa d
100 1 _aCatel, Werner.
_937054
245 1 0 _aDiagnóstico en pediatria /
_cdirigida por Werner Catel.
260 _aBarcelona, etc. :
_bSalvat,
_c1966.
300 _a1 v. :
_bil. ;
_c26 cm.
505 8 _aContiene: I. Huesos y articulaciones. Sistema hemopoyético... W. Catel... H.G. Hansen... XXVIII, 704 p.
650 0 4 _aNiños-
_xDiagnóstico de enfermedades.
_915545
852 _aES-MaACL
_jP-1187
_bR.63662
999 _c43419
_d43419